000 00637nam a2200241 i 4500
001 C2-0308860
003 PPAK
005 20180728095754.0
008 110516s1991 my |||| ||||| | may d
020 _a9836219897
040 _aPPAK
_beng
_cPPAK
_erda
082 0 4 _a899.233
_223
090 0 0 _a899.233
_bSHA
_dKMI
100 0 _aShahnon Ahmad,
_eauthor
245 1 0 _aPatriarch
264 1 _aKuala Lumpur :
_bDewan Bahasa dan Pustaka ,
_c1991
300 _avii, 229 pages ;
_c20 cm
336 _2rdacontent
_atext
337 _2rdamedia
_aunmediated
338 _2rdacarrier
_avolume
650 1 0 _aMalay fiction.
942 _ddc
_cB
999 _c111429
_d111429